000 00684nam a22002057a 4500
005 2010080607227.0
010 _aENG-98584
020 _a9788174344427
_c75.00
035 _aEN-82117
037 _bDBAD/PUB
082 _a362.1
100 _aSakurikar, Shubhada
_97412
245 _aThe way to health /
_cby Shubhada Sakurikar
260 _aPune
_bRajhans Prakashan
270 _a1025, Shadashiv Peth
_bPune
_e411030
300 _a102p. :
_bill
_c21cm (pbk)
650 _aHealth care
_97413
942 _2ddc
_cEN
_h362.1
_mSAK
999 _c39639
_d39639